| 000 | 00720nam a2200205Ia 4500 | ||
|---|---|---|---|
| 020 | _a0072482842 | ||
| 040 | _cJNA | ||
| 082 | _a745 HIL 2002 A087 Or. | ||
| 100 | 1 | _aStewart, Mary, | |
| 245 | 1 | 0 |
_aLaunching the imagination : _bthree-dimensional design / |
| 246 | 1 | 3 | _aLaunching the imagination. Volume 2: three dimensional design |
| 246 | 1 | 8 | _aLaunching the imagination 3-D |
| 250 | _a1st ed | ||
| 260 |
_aNew York, NY : _bMcGraw-Hill Higher Education, _c2002 |
||
| 300 |
_a1 v. (various pagings) : _bill. (some col.) ; _c28 cm. + _e1 CD-ROM (4 3/4 in.) |
||
| 500 | _aCD-ROM entitled: Launching the imagination, volumes I, II, & combined / Mary Stewart | ||
| 650 | 0 | _aDesign | |
| 650 | 0 | _aSculpture | |
| 942 | _cEK | ||
| 999 |
_c15919 _d15919 |
||